Marketing Management A South Asian Perspective 13th/ed (Record no. 316641)

000 -LEADER
fixed length control field 00448 a2200157 4500
001 - CONTROL NUMBER
control field 81568
020 ## - INTERNATIONAL STANDARD BOOK NUMBER
International Standard Book Number 9788131716830
082 ## - DEWEY DECIMAL CLASSIFICATION NUMBER
Classification number 658.80380 KOT
090 ## - LOCALLY ASSIGNED LC-TYPE CALL NUMBER (OCLC); LOCAL CALL NUMBER (RLIN)
-- 39792
-- 39792
100 ## - MAIN ENTRY--PERSONAL NAME
Personal name Philip Kotler ;Kevin Lane Keller ;Abraham Koshy ; Mithileshwar Jha
245 ## - TITLE STATEMENT
Title Marketing Management A South Asian Perspective 13th/ed
250 ## - EDITION STATEMENT
Edition statement 13
260 ## - PUBLICATION, DISTRIBUTION, ETC.
Place of publication, distribution, etc. Delhi
Name of publisher, distributor, etc. Pearson
Date of publication, distribution, etc. 2009
500 ## - GENERAL NOTE
General note DOS BS Reference Books
505 ## - FORMATTED CONTENTS NOTE
Formatted contents note AHQ Books
942 ## - ADDED ENTRY ELEMENTS (KOHA)
Institution code [OBSOLETE] caenust
Call number prefix 658.80380 KOT
Holdings
Withdrawn status Lost status Damaged status Not for loan Collection code Permanent Location Current Location Date acquired Total Checkouts Full call number Barcode Date last seen Price effective from Koha item type
          College of Aeronautical Engineering (CAE) College of Aeronautical Engineering (CAE) 04/03/2017   658.80380 KOT CAE82372 04/05/2017 04/05/2017 Book
© 2023 Central Library, National University of Sciences and Technology. All Rights Reserved.